zpět

Detail výsledku týmu

Kozlovna Oskol, Kroměříž

Datum a čas kvízu

33 Celkem bodů Celkový počet nahraných bodů na tomto kvízu bez doplňovacích otázek.
6. Pořadí na kvízu Konečné umístění týmu na tomto kvízu.

Zaznamenané odpovědi

# Otázka Odpověď Body Výsledky
1. Od minulého čtvrtka až do 23.... Kosmova kronika 0
2. Který bývalý evropský preziden... Nicolas Sarkozy 1
3. Do televizní reality show Love... o Daru Rolins 0
4. Na jedné technické univerzitě... Ostrava 1
5. Který divizní tým vyřadil minu... (FK) Nové Sady 1
6. Gesto, které vidíme na obrázku... 1D 2B 3A 4C 0
7. Které z uvedených gest má na B... B 1
8. Sheldon Cooper v Teorii velkéh... papír a tapír (ještěr) 0.5
9. Která dvě písmena české dvouru... B, N 0
10. Na výřezu z obrazu francouzské... paroháč (že je mu žena nevěrná) 0